La aventura del trabajo intelectual: cómo estudiar y cómo investigar
Na minha lista:
| Autor principal: | |
|---|---|
| Formato: | Livro |
| Idioma: | espanhol |
| Publicado em: |
Bogotá
Fondo Educativo Interamericano
1969
|
| Assuntos: | |
| Tags: |
Adicionar Tag
Sem tags, seja o primeiro a adicionar uma tag!
|
MARC
| LEADER | 00000nam a2200000 a 4500 | ||
|---|---|---|---|
| 001 | UCY5577 | ||
| 003 | CL-VaPUC | ||
| 008 | 950512e19690000CK |||||||||||||||||spa|d | ||
| 082 | 0 | 4 | |a 001.401 |b ZUB |2 21 |
| 100 | 0 | |a Zubizarreta, Armando F |e author |9 334487 | |
| 245 | 1 | 3 | |a La aventura del trabajo intelectual: cómo estudiar y cómo investigar |
| 300 | |a 184 p | ||
| 942 | |c BK | ||
| 945 | |d 19950512 00:00:00 |a mfernand | ||
| 260 | |a Bogotá |b Fondo Educativo Interamericano |c 1969 | ||
| 650 | 0 | |a Métodos de estudio |9 260518 | |
| 650 | 7 | |a PERIODOS DE ESTUDIO |2 CL-VaPUC |9 334488 | |
| 650 | 0 | |a Investigación científica |9 259857 | |
| 650 | 0 | |a Métodos de investigación |9 262618 | |
| 650 | 0 | |a Técnicas de investigación |9 334489 | |
| 650 | 7 | |a REDACCION DE INFORMES |2 CL-VaPUC |9 334490 | |
| 650 | 0 | |a Redacción técnica |9 259855 | |
| 650 | 7 | |a EJERCICIO DE REDACCION |2 CL-VaPUC |9 334491 | |
| 583 | |a last modification |c 20150401 03:00:00 |k Rodrigo Vera | ||
| 999 | |c 233217 |d 233215 | ||
| 952 | |0 0 |1 0 |4 0 |6 001_401000000000000_ZUB_1969 |7 0 |8 A |9 238545 |a BIBMAT |b BIBMAT |d 2019-11-18 |i 3357260 |o 001.401 ZUB 1969 |p 3357260 |r 2025-01-07 |w 2019-11-18 |y BK |k MAT | ||
| 952 | |0 0 |1 0 |4 0 |6 001_401000000000000_ZUB_1969 |7 0 |8 A |9 238546 |a BIBMAT |b BIBMAT |d 2019-11-18 |i 3357252 |o 001.401 ZUB 1969 |p 3357252 |r 2025-01-07 |w 2019-11-18 |y BK |k MAT | ||